000 00515 a2200181 4500
003 OSt
005 20260307133810.0
008 260306b |||||||| |||| 00| 0 eng d
020 _a9789357328609
040 _coclc
082 _a894.8123
_bBIN/M
100 1 _aBinīṣ, Putuppaṇaṃ
_99967
245 _aMADHURAVETTA /
_cBineesh Puthuppanam
250 _a9th Ed.
260 _akottayam:
_bD C Books.
_c2025.
300 _a126 pages
942 _2ddc
_cBK
_h894.8123
_iBIN/M
_k894.8123
_mBIN/M
999 _c44650
_d44650